Statistics for Super Smash Bros. Fighters #14 - The Bowser Quiz

Click here to take the quiz!

General Stats

  • This quiz has been taken 124 times
  • The average score is 12 of 15

Answer Stats

QuestionAnswer% Correct
What type of building does Bowser live (and host races) in?Castle
99%
Who does Bowser have a crush on?Princess Peach
94%
What animal is Bowser’s design primarily based on?Chinese Soft-Shelled Turtle
93%
Who is Bowser’s (biological) son?Bowser Jr.
92%
What form does Bowser take on in his final smash?Giga Bowser
92%
Bowser is usually fought on what kind of structure…
only for it to be destroyed by his poorly placed axes?
Bridge
86%
Who is set to portray Bowser in the upcoming Super Mario Movie?Jack Black
84%
This magical koopa helped raise Bowser as a baby:Kamek
81%
This Mario & Luigi game featured the duo shrinking down
and going inside Bowser’s body:
Mario & Luigi: Bowser’s Inside Story
79%
Bowser appears in what Disney Animated Movie?Wreck-it-Ralph
74%
What was Bowser’s original Japanese name?King Koopa
69%
Bowser shares his name with which Nintendo president?{Doug} Bowser
63%
What level of the original Super Mario Bros. does Bowser first appear in?1-4
59%
After getting pranked by his son with paint,
Bowser becomes quite furious in this game:
Bowser’s Fury
53%
What was the first game people could play as Bowser?Super Mario Kart
51%

Score Distribution

Percentile by Number Answered

Percent of People with Each Score

Your Score History

You have not taken this quiz